000 00318nam a2200145 i 4500
001 bg
100 1 _aBARBAG, Józef
245 0 _aWielka Brytania /
_cJózef Barbag.
260 _aWarszawa,
_c1976.
040 _cBPK
041 _apol
080 _a914.1
942 _cKS
008 s pl f |000 0 pol
999 _c17696
_d17696
856 _uhttp://koha.tu.koszalin.pl/cgi-bin/koha/opac-detail.pl?biblionumber=17696
_yKatalog online BPK